[Event "4NCL 2023-24"]
[Site "England ENG"]
[Date "2024.02.11"]
[Round "6.5"]
[Board "6"]
[White "Duessler, Stefanie"]
[Black "Mirzoeva, Elmira"]
[Result "0-1"]
[BlackTitle "WGM"]
[WhiteElo "2079"]
[BlackElo "2250"]
[WhiteTeam "Celtic Tigers 1"]
[BlackTeam "Barnet Knights A"]
[WhiteFideId "4634780"]
[BlackFideId "4127951"]
[EventDate "2023.11.11"]

1. e4 c6 2. d4 d5 3. Nc3 dxe4 4. Nxe4 Bf5 5. Ng3 Bg6 6. N1e2 e6 7. Nf4 Bd6 8. c3
Nf6 9. h4 Bxf4 10. Bxf4 h6 11. h5 Bh7 12. Be2 O-O 13. O-O Qe7 14. Bf3 Rd8 15.
Qb3 a5 16. Rfe1 a4 17. Qd1 Nbd7 18. Qe2 Nd5 19. Bd2 N7f6 20. a3 Qd6 21. Be3 b5
22. Rad1 Nb6 23. Bc1 Nc4 24. Ne4 Nxe4 25. Bxe4 Bxe4 26. Qxe4 Qd5 27. Qh4 Qf5 28.
Re4 Rd5 29. Rde1 Qxh5 30. Qe7 Rad8 31. Qc7 R5d6 32. Bf4 R6d7 33. Qxc6 Qd5 34.
Qxd5 Rxd5 35. R4e2 g5 36. Be5 Kh7 37. g4 Kg6 38. Kg2 h5 39. gxh5+ Kxh5 40. f4 g4
41. Bf6 Re8 42. Rh1+ Kg6 43. Bg5 Nd6 44. Kg3 Kf5 45. Rhe1 f6 46. Bh4 Nc4 47. Kg2
Rd6 48. Bf2 Nb6 49. Bg3 Nd5 50. Rf2 Rh8 51. Rc1 Rd7 52. Re1 Rdh7 53. Rfe2 Re8
54. Rf1 Reh8 55. Rfe1 Nxf4+ 56. Bxf4 Kxf4 57. Rf1+ Kg5 58. Rxe6 Rh2+ 59. Kg1
Rh1+ 60. Kf2 R8h2+ 61. Kg3 Rxf1 62. Kxh2 Rf2+ 63. Kg3 Rxb2 64. d5 Rd2 65. Re4
Rd3+ 66. Kf2 Rxd5 67. c4 bxc4 68. Rxc4 Rf5+ 69. Kg2 Rf4 70. Rc5+ f5 71. Ra5 Rc4
72. Kf2 Kf4 0-1

[Event "4NCL 2023-24"]
[Site "England ENG"]
[Date "2024.02.11"]
[Round "6.5"]
[Board "7"]
[White "Josse, Mark"]
[Black "Skulte, Christopher"]
[Result "1-0"]
[WhiteTitle "CM"]
[WhiteElo "2153"]
[BlackElo "2026"]
[WhiteTeam "Barnet Knights A"]
[BlackTeam "Celtic Tigers 1"]
[WhiteFideId "414476"]
[BlackFideId "3214044"]
[EventDate "2023.11.11"]

1. Nf3 Nf6 2. b3 c5 3. Bb2 d5 4. e3 Bf5 5. d4 Nc6 6. Be2 e6 7. O-O cxd4 8. Nxd4
Bg6 9. c4 Bb4 10. a3 Ba5 11. cxd5 Qxd5 12. b4 Bc7 13. Nb5 Bb8 14. Qxd5 exd5 15.
Nd2 a6 16. Nd4 Ne5 17. N4f3 Nfd7 18. Nxe5 Bxe5 19. Bxe5 Nxe5 20. Rac1 Nc6 21.
Nb3 Ke7 22. Rfd1 Rhd8 23. Nc5 Ne5 24. Nxb7 Rd7 25. Nc5 Rd6 26. f4 Nd7 27. Nxd7
Kxd7 28. Bf3 Re8 29. Kf2 Be4 30. Rc5 Bxf3 31. Kxf3 Ke6 32. g4 g5 33. f5+ Ke5 34.
e4 Red8 35. Ke3 h5 36. gxh5 g4 37. Rcxd5+ 1-0

[Event "4NCL 2023-24"]
[Site "England ENG"]
[Date "2024.02.11"]
[Round "6.5"]
[Board "8"]
[White "Zulfic, Fedja"]
[Black "Pollack, Oscar"]
[Result "0-1"]
[WhiteElo "2100"]
[BlackElo "2092"]
[WhiteTeam "Celtic Tigers 1"]
[BlackTeam "Barnet Knights A"]
[WhiteFideId "3208427"]
[BlackFideId "429414"]
[EventDate "2023.11.11"]

1. e4 e6 2. d4 d5 3. Nc3 Bb4 4. e5 c5 5. Bd2 Nh6 6. a3 Bxc3 7. Bxc3 cxd4 8. Qxd4
Nc6 9. Qf4 Nf5 10. Nf3 Qb6 11. O-O-O Qxf2 12. Rd3 Bd7 13. g4 Nfe7 14. Rd2 Qb6
15. Ng5 O-O 16. Nxh7 Kxh7 17. Rd3 d4 18. Rh3+ Kg8 19. Bd2 Ng6 20. Qg5 Ncxe5 21.
Qh5 f6 22. g5 f5 23. Bd3 Kf7 24. Qe2 Nxd3+ 25. Qxd3 Bb5 26. Qb3 Bc6 0-1

[Event "4NCL 2023-24"]
[Site "England ENG"]
[Date "2024.02.11"]
[Round "6.6"]
[Board "1"]
[White "Claridge-Hansen, William"]
[Black "Chow, Samuel"]
[Result "0-1"]
[WhiteTitle "FM"]
[BlackTitle "FM"]
[WhiteElo "2366"]
[BlackElo "2356"]
[WhiteTeam "Oxford 1"]
[BlackTeam "Chessable White Rose 2"]
[WhiteFideId "422509"]
[BlackFideId "3202992"]
[EventDate "2023.11.11"]

1. c4 g6 2. Nc3 c5 3. Nf3 Bg7 4. e3 Nf6 5. d4 cxd4 6. exd4 d5 7. cxd5 Nxd5 8.
Qb3 Nxc3 9. bxc3 O-O 10. Be2 Nc6 11. O-O b6 12. Rd1 Bb7 13. Bf4 Rc8 14. Rac1 e6
15. Qa3 Qd5 16. c4 Qe4 17. Be3 Nxd4 18. Rxd4 Bxd4 19. Bxd4 Qxe2 20. Qe7 Rxc4 21.
h4 Rxc1+ 22. Kh2 e5 23. Be3 Rfc8 24. Nxe5 Bd5 25. Qf6 Qf1 26. f3 R1c2 27. Kg3
Qxg2+ 28. Kf4 R8c4+ 29. Nxc4 Qxf3+ 0-1

[Event "4NCL 2023-24"]
[Site "England ENG"]
[Date "2024.02.11"]
[Round "6.6"]
[Board "2"]
[White "Arnott, Jonathan W"]
[Black "Powierski, Emil"]
[Result "1/2-1/2"]
[WhiteTitle "CM"]
[WhiteElo "2113"]
[BlackElo "2288"]
[WhiteTeam "Chessable White Rose 2"]
[BlackTeam "Oxford 1"]
[WhiteFideId "408077"]
[BlackFideId "4656199"]
[EventDate "2023.11.11"]

1. e4 c5 2. Nf3 e6 3. c3 d5 4. exd5 Qxd5 5. Na3 Nf6 6. Bc4 Qd8 7. O-O Be7 8. d4
O-O 9. dxc5 Bxc5 10. Qxd8 Rxd8 11. Nc2 b6 12. Nb4 Bxb4 13. cxb4 Bb7 14. Ne5 Nc6
15. Nxc6 Bxc6 16. f3 Rd4 17. b3 Rad8 18. Be3 R4d7 19. Rac1 Nd5 20. Bxd5 Bxd5 21.
Rc2 e5 22. Rfc1 f6 23. Rc8 Rxc8 24. Rxc8+ Kf7 25. Kf2 g5 26. Rc3 Kg6 27. g4 h5
28. h3 h4 29. a4 f5 30. gxf5+ Kxf5 31. a5 b5 32. Rd3 a6 33. Rd1 e4 34. fxe4+
Kxe4 35. Rd4+ Ke5 36. Rg4 Rf7+ 37. Ke1 Be6 38. Rxg5+ Ke4 39. Bf2 Bxh3 40. Bxh4
Bf5 41. Kd2 Rd7+ 42. Kc1 Rc7+ 43. Kd2 Rd7+ 44. Kc1 Rh7 45. Bf2 Rh1+ 46. Rg1 Rh3
47. Rg3 Rh1+ 48. Rg1 Rxg1+ 1/2-1/2

[Event "4NCL 2023-24"]
[Site "England ENG"]
[Date "2024.02.11"]
[Round "6.6"]
[Board "3"]
[White "Zakarian, David"]
[Black "Carroll, Thomas"]
[Result "1-0"]
[WhiteTitle "FM"]
[WhiteElo "2293"]
[BlackElo "2047"]
[WhiteTeam "Oxford 1"]
[BlackTeam "Chessable White Rose 2"]
[WhiteFideId "13301276"]
[BlackFideId "450111"]
[EventDate "2023.11.11"]

1. e4 c5 2. b3 Nc6 3. Bb2 e5 4. Bb5 Nge7 5. Ne2 d6 6. O-O g6 7. f4 Bg7 8. Bc4
O-O 9. Nbc3 Nd4 10. Rb1 a6 11. Nxd4 exd4 12. Nd5 Be6 13. f5 Bxd5 14. Bxd5 Nxd5
15. exd5 Qh4 16. Qf3 Rae8 17. g3 Qe4 18. Qxe4 Rxe4 19. c4 dxc3 20. Bxc3 b5 21.
f6 Bh6 22. b4 Rfe8 23. a3 Re2 24. Rf2 Re1+ 25. Rxe1 Rxe1+ 26. Rf1 Re2 27. Rf2
Re1+ 28. Kg2 Re4 29. Kf3 Re8 30. bxc5 dxc5 31. Ba5 Re5 32. d6 Rd5 33. Re2 Kf8
34. Bb6 Rd3+ 35. Kg4 Rd4+ 36. Kh3 Bxd2 37. Bxc5 1-0

[Event "4NCL 2023-24"]
[Site "England ENG"]
[Date "2024.02.11"]
[Round "6.6"]
[Board "4"]
[White "Townsend, M Paul"]
[Black "Macfarlane, Donald"]
[Result "1/2-1/2"]
[WhiteElo "2160"]
[BlackElo "2184"]
[WhiteTeam "Chessable White Rose 2"]
[BlackTeam "Oxford 1"]
[WhiteFideId "402320"]
[BlackFideId "343402100"]
[EventDate "2023.11.11"]

1. d4 Nf6 2. c4 e6 3. g3 Bb4+ 4. Bd2 Qe7 5. Nf3 O-O 6. Bg2 Bxd2+ 7. Qxd2 d6 8.
O-O e5 9. Nc3 Re8 10. e4 a5 11. Ne1 Nc6 12. Nc2 Nxd4 13. Nxd4 exd4 14. Qxd4 Qe5
15. Rad1 Be6 16. b3 Qh5 17. f3 Re7 18. Rfe1 Nd7 19. Qf2 Qc5 20. f4 Qxf2+ 21.
Kxf2 f6 22. Bf3 Kf8 1/2-1/2

[Event "4NCL 2023-24"]
[Site "England ENG"]
[Date "2024.02.11"]
[Round "6.6"]
[Board "5"]
[White "Zakarian, Dimitrios Levon"]
[Black "Li, Harry"]
[Result "1/2-1/2"]
[WhiteElo "1966"]
[BlackElo "2107"]
[WhiteTeam "Oxford 1"]
[BlackTeam "Chessable White Rose 2"]
[WhiteFideId "453080"]
[BlackFideId "430145"]
[EventDate "2023.11.11"]

1. d4 d5 2. c4 e6 3. Nf3 Nf6 4. cxd5 exd5 5. Nc3 c5 6. g3 Nc6 7. Bg2 cxd4 8.
Nxd4 Bc5 9. Nxc6 bxc6 10. O-O O-O 11. Qc2 Bb6 12. Na4 Ba6 13. Nxb6 Qxb6 14. Rd1
Rfe8 15. e3 c5 16. b3 Rac8 17. Bb2 d4 18. exd4 cxd4 19. Qf5 d3 20. Bxf6 Qxf6 21.
Qxf6 gxf6 22. Bf1 Rc2 23. Bxd3 Bxd3 24. Rxd3 Ree2 25. Rf3 Rxa2 26. Rxa2 Rxa2 27.
Rxf6 Ra3 28. Rf3 a5 29. Kg2 a4 30. bxa4 Rxa4 31. h4 Kg7 32. Kh3 h5 33. Rf5 Kg6
34. Rg5+ Kh6 35. f4 f6 36. Rb5 Ra2 37. Rb8 Kg7 38. Rb7+ Kg6 39. Rb5 1/2-1/2

[Event "4NCL 2023-24"]
[Site "England ENG"]
[Date "2024.02.11"]
[Round "6.6"]
[Board "6"]
[White "Gayson, Peter M"]
[Black "Arora, Tashika"]
[Result "1/2-1/2"]
[WhiteTitle "FM"]
[WhiteElo "2114"]
[BlackElo "1934"]
[WhiteTeam "Chessable White Rose 2"]
[BlackTeam "Oxford 1"]
[WhiteFideId "401838"]
[BlackFideId "459305"]
[EventDate "2023.11.11"]

1. e4 e5 2. Nf3 Nc6 3. d4 exd4 4. Bc4 Nf6 5. O-O d6 6. Nxd4 Be7 7. Nc3 O-O 8. f4
Nxd4 9. Qxd4 c6 10. Kh1 Kh8 11. Be3 Ng4 12. Bg1 f5 13. Rad1 fxe4 14. Nxe4 d5 15.
h3 Nh6 16. Ng5 Nf5 17. Qf2 Nd6 18. Qh4 h6 19. Bd3 Bf5 20. Qh5 Kg8 21. Nf3 Bxd3
22. cxd3 Rxf4 23. Nd4 Rxf1 24. Rxf1 Bf6 25. Qg4 Qe7 26. Bh2 Bxd4 27. Qxd4 Re8
28. Bxd6 Qxd6 29. Qxa7 Qb4 30. Qf2 Rf8 31. Qxf8+ Qxf8 32. Rxf8+ Kxf8 33. g3 Ke7
34. d4 Kd6 35. b4 b5 36. Kg2 Ke6 37. Kf3 Kf6 38. Kg4 g5 39. Kh5 Kg7 40. h4 gxh4
41. Kxh4 Kg6 42. g4 Kg7 43. Kh5 Kh7 44. g5 hxg5 45. Kxg5 Kg7 46. Kf5 Kf7 47. Ke5
Ke7 48. a3 Kd7 49. Kf6 Kd6 50. Kf7 Kd7 1/2-1/2

[Event "4NCL 2023-24"]
[Site "England ENG"]
[Date "2024.02.11"]
[Round "6.6"]
[Board "7"]
[White "Murawski, Jan"]
[Black "Chan, Sheng Liang Bernard"]
[Result "0-1"]
[WhiteElo "1981"]
[BlackElo "2082"]
[WhiteTeam "Oxford 1"]
[BlackTeam "Chessable White Rose 2"]
[WhiteFideId "21009287"]
[BlackFideId "5712858"]
[EventDate "2023.11.11"]

1. d4 Nf6 2. c4 e6 3. Nf3 d5 4. Nc3 c5 5. cxd5 Nxd5 6. e4 Nxc3 7. bxc3 cxd4 8.
cxd4 Bb4+ 9. Bd2 Bxd2+ 10. Qxd2 O-O 11. Be2 b6 12. O-O Bb7 13. Qe3 Nc6 14. Rac1
Rc8 15. Bb5 Qd6 16. Bxc6 Bxc6 17. h3 h6 18. Ne5 Ba4 19. Nc4 Qe7 20. Rfe1 Rfd8
21. e5 Bc6 22. Nd6 Rc7 23. Qf4 Rdd7 24. Rc3 Bd5 25. Rg3 Kh7 26. Qg4 Qg5 27. Qe2
Qe7 28. Qg4 Qg5 29. Qe2 Qe7 30. Qd3+ Kh8 31. a3 Rc6 32. Qa6 Rdc7 33. Kh2 Rc2 34.
f4 Qh4 35. Rf1 R7c3 36. Rxc3 Rxg2+ 37. Kh1 Rg3+ 0-1

[Event "4NCL 2023-24"]
[Site "England ENG"]
[Date "2024.02.11"]
[Round "6.6"]
[Board "8"]
[White "Flint, Martina"]
[Black "Hansen, Hans-Peter"]
[Result "1/2-1/2"]
[WhiteElo "1888"]
[BlackElo "2167"]
[WhiteTeam "Chessable White Rose 2"]
[BlackTeam "Oxford 1"]
[WhiteFideId "421383"]
[BlackFideId "1503502"]
[EventDate "2023.11.11"]

1. f4 d5 2. g3 h5 3. Nf3 h4 4. Rg1 hxg3 5. hxg3 Nc6 6. d4 Nf6 7. Qd3 g6 8. Ne5
Bf5 9. Qb5 a6 10. Qxb7 Nxd4 11. Na3 Qb8 12. Qxb8+ Rxb8 13. c3 Nb5 14. Nxb5 axb5
15. Be3 Ng4 16. Nxg4 Bxg4 17. Bd4 f6 18. Bg2 Rd8 19. e4 dxe4 20. Bxe4 Kf7 21.
Kf2 e5 22. fxe5 c5 23. Be3 fxe5 24. Rh1 Be7 25. Rxh8 Rxh8 26. Rh1 Rxh1 27. Bxh1
Be6 28. a3 Kf6 29. Be4 Bd7 30. Kf3 1/2-1/2

[Event "4NCL 2023-24"]
[Site "England ENG"]
[Date "2024.03.16"]
[Round "7.1"]
[Board "1"]
[White "Lupulescu, Constantin"]
[Black "Kilpatrick, Callum"]
[Result "1-0"]
[WhiteTitle "GM"]
[BlackTitle "IM"]
[WhiteElo "2579"]
[BlackElo "2385"]
[WhiteTeam "Manx Liberty"]
[BlackTeam "Celtic Tigers 1"]
[WhiteFideId "1207822"]
[BlackFideId "414425"]
[EventDate "2023.11.11"]

1. d4 Nf6 2. c4 g6 3. Nc3 d5 4. cxd5 Nxd5 5. e4 Nxc3 6. bxc3 Bg7 7. Nf3 c5 8. h3
O-O 9. Be3 b6 10. Rc1 cxd4 11. cxd4 Bb7 12. d5 Qd6 13. Bc4 Nd7 14. O-O Rac8 15.
Re1 Qa3 16. Nd4 a6 17. Qb3 Qd6 18. Qb1 b5 19. Be2 Nc5 20. Nc6 Na4 21. Bg4 Rc7
22. e5 Qa3 23. Qb3 Qxb3 24. axb3 Nb2 25. Bb6 1-0

[Event "4NCL 2023-24"]
[Site "England ENG"]
[Date "2024.03.16"]
[Round "7.1"]
[Board "2"]
[White "Pein, Malcolm"]
[Black "Jaracz, Pawel"]
[Result "0-1"]
[WhiteTitle "IM"]
[BlackTitle "GM"]
[WhiteElo "2274"]
[BlackElo "2467"]
[WhiteTeam "Celtic Tigers 1"]
[BlackTeam "Manx Liberty"]
[WhiteFideId "400289"]
[BlackFideId "1102222"]
[EventDate "2023.11.11"]

1. d4 d5 2. Nf3 c6 3. c4 Nf6 4. Nbd2 g6 5. e3 Bg7 6. Bd3 O-O 7. O-O Nbd7 8. cxd5
Nxd5 9. e4 N5b6 10. a4 a5 11. Nb3 e5 12. Bg5 Qc7 13. Qd2 exd4 14. Bh6 Ne5 15.
Nxe5 Bxh6 16. Qxh6 Qxe5 17. f4 Qg7 18. Qg5 f5 19. Rfe1 Qf6 20. Qxf6 Rxf6 21. e5
Rf8 22. Red1 Rd8 23. Bc2 Be6 24. Nc5 Bc8 25. Bb3+ Kf8 26. Rd2 Nd5 27. Rxd4 b6
28. Bxd5 bxc5 29. Bxc6 Rxd4 30. Bxa8 Rxf4 31. Rc1 Ba6 32. b3 c4 33. bxc4 Rxc4
34. Rxc4 Bxc4 35. Kf2 Bb3 36. Bc6 Ke7 37. Ke3 g5 38. Kd4 Ke6 39. g3 h6 40. h4
gxh4 41. gxh4 Bd1 42. Bd5+ Kd7 43. Bc4 Bxa4 44. Bd3 Ke6 45. Bc4+ Ke7 46. Ke3 Bd7
47. Kf4 a4 0-1

[Event "4NCL 2023-24"]
[Site "England ENG"]
[Date "2024.03.16"]
[Round "7.1"]
[Board "3"]
[White "Csonka, Balazs"]
[Black "Pein, Jonathan"]
[Result "1/2-1/2"]
[WhiteTitle "IM"]
[BlackTitle "FM"]
[WhiteElo "2491"]
[BlackElo "2235"]
[WhiteTeam "Manx Liberty"]
[BlackTeam "Celtic Tigers 1"]
[WhiteFideId "742910"]
[BlackFideId "417092"]
[EventDate "2023.11.11"]

1. d4 d5 2. c4 e6 3. Nc3 a6 4. cxd5 exd5 5. Nf3 Nf6 6. h3 Bd6 7. e3 Qe7 8. Bd3
O-O 9. O-O c6 10. Nd2 Bb4 11. a3 Ba5 12. Re1 Be6 13. e4 dxe4 14. Ndxe4 Nxe4 15.
Bxe4 Qh4 16. Bc2 Nd7 17. Re4 Qd8 18. Re1 Qh4 19. Re4 Qd8 20. Re1 1/2-1/2

[Event "4NCL 2023-24"]
[Site "England ENG"]
[Date "2024.03.16"]
[Round "7.1"]
[Board "4"]
[White "Horton, Jamie A"]
[Black "Cyborowski, Lukasz"]
[Result "0-1"]
[BlackTitle "GM"]
[WhiteElo "2190"]
[BlackElo "2484"]
[WhiteTeam "Celtic Tigers 1"]
[BlackTeam "Manx Liberty"]
[WhiteFideId "421472"]
[BlackFideId "1108760"]
[EventDate "2023.11.11"]

1. d4 d5 2. c4 e6 3. Nc3 Nf6 4. cxd5 exd5 5. Bg5 c6 6. Qc2 h6 7. Bh4 Be7 8. e3
O-O 9. Bd3 Re8 10. Nf3 Ne4 11. Bxe7 Qxe7 12. O-O Bf5 13. Rab1 Nd7 14. b4 Nxc3
15. Qxc3 Bxd3 16. Qxd3 a6 17. Rfc1 Nb6 18. Nd2 Nc8 19. a4 Nd6 20. Nf3 Nc4 21.
Nd2 Nd6 22. Nf3 Qe6 23. Ne5 Rac8 24. Qd1 Qf5 25. Qf3 Qe6 26. Qd1 g6 27. Qg4 Qf6
28. Qf3 Qe7 29. Rc2 Kg7 30. h3 h5 31. Qd1 Qe6 32. Qf3 Ra8 33. Qd1 Qf5 34. Rcc1
Re6 35. Qf3 Qg5 36. g3 Qe7 37. h4 Ne4 38. Qg2 a5 39. b5 c5 40. Nd3 c4 41. Nf4
Rd6 42. b6 Nf6 43. Rb5 Qd8 44. Kh2 Ra6 45. Rcb1 Raxb6 46. Rxb6 Rxb6 47. Rxb6
Qxb6 48. Nxd5 Ng4+ 49. Kg1 Qb3 50. Qf1 c3 51. e4 c2 52. Nf4 Qb1 53. Nd3 Qd1 54.
Nc1 Nh2 0-1

[Event "4NCL 2023-24"]
[Site "England ENG"]
[Date "2024.03.16"]
[Round "7.1"]
[Board "5"]
[White "Parligras, Mircea-Emilian"]
[Black "Kelmendi, Bajrush"]
[Result "1-0"]
[WhiteTitle "GM"]
[WhiteElo "2543"]
[BlackElo "1986"]
[WhiteTeam "Manx Liberty"]
[BlackTeam "Celtic Tigers 1"]
[WhiteFideId "1204297"]
[BlackFideId "426024"]
[EventDate "2023.11.11"]

1. d4 g6 2. e4 Bg7 3. c4 b6 4. Nc3 Bb7 5. Nf3 e6 6. Bd3 Ne7 7. h4 h6 8. Be3 d5
9. cxd5 exd5 10. e5 Nd7 11. Rc1 a6 12. Ne2 Rc8 13. Nf4 Nb8 14. e6 Qd6 15. exf7+
Kxf7 16. h5 g5 17. Ng6 Nxg6 18. Bxg6+ Kf8 19. Ne5 Bxe5 20. dxe5 Qe7 21. O-O Kg7
22. f4 gxf4 23. Bxf4 c5 24. Qg4 Rhg8 25. e6 Nc6 26. Bd6 1-0

[Event "4NCL 2023-24"]
[Site "England ENG"]
[Date "2024.03.16"]
[Round "7.1"]
[Board "6"]
[White "Maciol, Ryszard"]
[Black "Galyas, Miklos"]
[Result "0-1"]
[BlackTitle "GM"]
[WhiteElo "2125"]
[BlackElo "2396"]
[WhiteTeam "Celtic Tigers 1"]
[BlackTeam "Manx Liberty"]
[WhiteFideId "1118153"]
[BlackFideId "707244"]
[EventDate "2023.11.11"]

1. d4 d5 2. c4 e6 3. Nc3 h6 4. Nf3 Nf6 5. e3 Nbd7 6. Bd3 b6 7. O-O Bb7 8. b3 Bd6
9. Bb2 O-O 10. cxd5 exd5 11. Rc1 a6 12. Nh4 Re8 13. Nf5 Bf8 14. Ne2 g6 15. Nfg3
Bd6 16. Nf4 Nf8 17. Qc2 Qe7 18. Rfe1 h5 19. f3 h4 20. Nf1 N8h7 21. Nh3 Bc8 22.
e4 Bxh3 23. gxh3 Ng5 24. e5 Nxf3+ 25. Kh1 Nxe1 26. Rxe1 Bb4 27. Re2 Nh5 28. Rf2
Qe6 29. Rf3 Bf8 30. Ne3 c5 31. Ng4 Ra7 32. Qf2 cxd4 33. Bxd4 Rc7 34. Rf6 Qc8 35.
Rxb6 Re6 36. Qxh4 Rxb6 37. Bxb6 Rc1+ 38. Bg1 Qc3 39. Nf2 Qe1 0-1

[Event "4NCL 2023-24"]
[Site "England ENG"]
[Date "2024.03.16"]
[Round "7.1"]
[Board "7"]
[White "Terbe, Julianna"]
[Black "Serbanescu, Diana-Maria"]
[Result "1-0"]
[WhiteTitle "WIM"]
[BlackTitle "CM"]
[WhiteElo "2289"]
[BlackElo "1990"]
[WhiteTeam "Manx Liberty"]
[BlackTeam "Celtic Tigers 1"]
[WhiteFideId "708780"]
[BlackFideId "1200550"]
[EventDate "2023.11.11"]

1. Nf3 d6 2. d4 Nf6 3. g3 g6 4. Bg2 Bg7 5. c4 O-O 6. Nc3 Nc6 7. O-O e5 8. dxe5
Nxe5 9. b3 Nxf3+ 10. Bxf3 Bh3 11. Re1 Nd7 12. Qd2 Rb8 13. Bb2 h5 14. Rad1 a6 15.
Nd5 Ne5 16. Bh1 h4 17. Nf4 Bf5 18. Qc1 hxg3 19. hxg3 b6 20. Nd5 Re8 21. Qa1 f6
22. Nb4 Qc8 23. f4 Ng4 24. e4 Be6 25. Bf3 Kf7 26. Nc6 Ra8 27. Rd2 Rh8 28. f5
gxf5 29. exf5 Bxf5 30. Ne7 Qd7 31. Bd5+ Kf8 32. Bxa8 Rh3 33. Bc6 Rxg3+ 34. Rg2 1-0

[Event "4NCL 2023-24"]
[Site "England ENG"]
[Date "2024.03.16"]
[Round "7.1"]
[Board "8"]
[White "Bryant, Harry"]
[Black "Kolbus, Dietmar"]
[Result "0-1"]
[BlackTitle "IM"]
[WhiteElo "1909"]
[BlackElo "2231"]
[WhiteTeam "Celtic Tigers 1"]
[BlackTeam "Manx Liberty"]
[WhiteFideId "489158"]
[BlackFideId "4610628"]
[EventDate "2023.11.11"]

1. e4 d5 2. exd5 Qxd5 3. Nc3 Qd6 4. d4 Nf6 5. Nf3 c6 6. Ne5 Be6 7. Bf4 Qd8 8.
Be2 Nbd7 9. Bf3 Nxe5 10. Bxe5 Nd7 11. Bf4 Nb6 12. O-O Nd5 13. Nxd5 Bxd5 14. Bxd5
Qxd5 15. c3 e6 16. Qe2 Be7 17. Qe5 Qxe5 18. Bxe5 O-O 19. Rfd1 Rfd8 20. a3 Rd7
21. Re1 Rad8 22. Bf4 Bf6 23. f3 Rd5 24. Kf2 h5 25. Re2 g5 26. Be3 Kg7 27. f4 Rf5
28. g3 Rh8 29. Kg2 g4 30. Bf2 h4 31. a4 hxg3 32. hxg3 Rfh5 33. Rg1 Kg6 34. Kf1
Ra5 35. b3 Rd5 36. Kg2 Rdh5 37. Rd2 Rh2+ 38. Kf1 Kf5 39. Re2 Rd8 40. Be3 Rxe2
41. Kxe2 Ke4 42. f5 e5 43. Rf1 Rh8 44. Bg1 Rh3 45. Kf2 exd4 46. cxd4 Bxd4+ 47.
Kg2 Be5 48. Bf2 f6 49. Rd1 Rh7 50. Bxa7 Kxf5 51. Rd8 Bc7 52. Rd3 Ke6 53. Bf2 Rd7
54. Re3+ Kf5 55. Re2 Be5 56. b4 Rd3 57. Be1 Ra3 58. a5 Rb3 59. Rf2+ Ke4 60. Re2+
Re3 61. Kf1 Rxe2 62. Kxe2 f5 63. Bf2 Bc7 0-1

[Event "4NCL 2023-24"]
[Site "England ENG"]
[Date "2024.03.16"]
[Round "7.2"]
[Board "1"]
[White "Camacho Collados, Jose"]
[Black "Gormally, Daniel W"]
[Result "1-0"]
[WhiteTitle "IM"]
[BlackTitle "GM"]
[WhiteElo "2370"]
[BlackElo "2415"]
[WhiteTeam "Chessable White Rose 1"]
[BlackTeam "Blackthorne"]
[WhiteFideId "2265427"]
[BlackFideId "406465"]
[EventDate "2023.11.11"]

1. Nf3 Nf6 2. g3 g6 3. b3 Bg7 4. Bb2 O-O 5. Bg2 d5 6. c4 c6 7. O-O Bg4 8. d3
Bxf3 9. Bxf3 Re8 10. Bg2 e5 11. cxd5 cxd5 12. b4 a5 13. b5 a4 14. Nc3 Qa5 15.
Rb1 a3 16. Ba1 d4 17. Nd5 Nxd5 18. Bxd5 Qb6 19. e3 Rf8 20. Qf3 Ra5 21. exd4 exd4
22. Rfe1 Nd7 23. Re7 Ne5 24. Qe4 Qd6 25. Rxb7 Nd7 26. Rc1 Nf6 27. Bxf7+ Rxf7 28.
Rc8+ Bf8 29. Qc6 Qxc6 30. bxc6 Rc5 31. Bxd4 Rc1+ 32. Kg2 Nd5 33. Rd8 Rxc6 34.
Rxf7 Kxf7 35. Rxd5 Rc2 36. Ra5 Rxa2 37. Kf3 Rc2 38. Ke4 Ke6 39. Ra6+ Kf7 40. h4
a2 41. Ra7+ Ke6 42. Ra6+ Kf7 43. Kd5 Bb4 44. Ra7+ Ke8 45. g4 Be1 46. f4 Bxh4 47.
Rxh7 Be7 48. Rh8+ Bf8 49. Bg7 Kf7 50. Rxf8+ Kxg7 51. Ra8 g5 52. Ra7+ Kf6 53.
Ra6+ Kf7 54. fxg5 Rg2 55. g6+ Kg7 56. d4 Rd2 57. Ke5 Re2+ 58. Kf5 Rd2 59. Ra7+
Kg8 60. Ke5 Re2+ 61. Kd6 Rd2 62. d5 Rc2 63. Ke5 Re2+ 64. Kf5 Rf2+ 65. Ke4 Rd2
66. g7 Kh7 67. g5 Kg8 68. Ke5 Kh7 69. d6 Re2+ 70. Kf6 Rf2+ 71. Ke6 Re2+ 72. Kf7
Rf2+ 73. Ke8 Kg8 74. d7 Re2+ 75. Kd8 Kxg7 76. Kc7 Rc2+ 77. Kd6 Rd2+ 78. Ke6 Kg6
79. Ra6 Kxg5 80. Rxa2 Rxa2 81. d8=Q+ Kg4 82. Qd4+ Kh3 83. Kf5 Rf2+ 84. Kg5 Rg2+
85. Kh5 Rg3 86. Qd7+ Kg2 87. Kh4 Rf3 88. Qd5 Kf2 89. Qd2+ Kf1 90. Kg4 Rf2 91.
Qd1+ Kg2 92. Qd5+ Kh2 93. Qe4 Rg2+ 94. Kf3 Kg1 95. Qh4 Rg8 96. Qd4+ Kh2 97. Qd2+
Kh1 98. Qc1+ Kh2 99. Qc2+ Kg1 100. Qb1+ 1-0

[Event "4NCL 2023-24"]
[Site "England ENG"]
[Date "2024.03.16"]
[Round "7.2"]
[Board "2"]
[White "Ansell, Simon T"]
[Black "Wells, Peter K"]
[Result "1/2-1/2"]
[WhiteTitle "IM"]
[BlackTitle "GM"]
[WhiteElo "2331"]
[BlackElo "2351"]
[WhiteTeam "Blackthorne"]
[BlackTeam "Chessable White Rose 1"]
[WhiteFideId "402141"]
[BlackFideId "400327"]
[EventDate "2023.11.11"]

1. e4 c5 2. Nf3 d6 3. Bc4 Nf6 4. d3 Nc6 5. O-O g6 6. h3 Bg7 7. c3 O-O 8. a4 b6
9. Bb3 Bb7 10. Re1 Rc8 11. Nbd2 Ba6 12. Nc4 d5 13. exd5 Nxd5 14. Nfe5 e6 15. Qf3
Qc7 16. Nxc6 Qxc6 17. Bg5 Bb7 18. Qg3 h6 19. Bd2 Rcd8 20. Ne5 Qd6 21. Bc4 Nf6
22. Re2 Bd5 23. Bb5 Kh7 24. a5 Be4 25. f4 Bb7 26. Nc4 Qc7 27. axb6 axb6 28. Ne5
Nd5 29. Rae1 Ne7 30. Qf2 Nf5 31. d4 cxd4 32. Bd3 Bxe5 33. Bxf5 dxc3 34. Be3 Bg7
35. Bb1 Ba6 36. Bxb6 Qxb6 37. Qxb6 Bd4+ 38. Qxd4 Rxd4 39. bxc3 Rxf4 40. Ra2 Bb7
41. Ra7 Bd5 42. Bd3 Rc8 43. Re3 Kg7 44. c4 Bxc4 45. Bxc4 Rcxc4 46. Rxe6 Rc1+ 47.
Kh2 h5 48. Re3 Rc2 49. Kg1 Rff2 50. Rf3 Rxf3 51. gxf3 Kf6 52. Ra5 Re2 53. Rb5
Ke6 54. Ra5 Rd2 55. Rb5 Rd5 56. Rb4 Kf5 57. Kg2 g5 58. Ra4 Rd2+ 59. Kg1 Rd1+ 60.
Kg2 Rd2+ 61. Kg1 Re2 62. Rb4 f6 63. Ra4 h4 64. Rb4 Rd2 65. Re4 Rb2 66. Ra4 Re2
67. Rb4 Ke5 68. Ra4 f5 69. Rb4 Rd2 70. Ra4 Rd4 71. Ra2 Rd1+ 72. Kf2 Rc1 73. Ra5+
Kf4 74. Ra4+ Ke5 75. Ra5+ Ke6 76. Rb5 Rh1 77. Kg2 Rd1 78. Ra5 Rd2+ 79. Kg1 Rd5
80. Ra4 Ke5 81. Rb4 Rd4 82. Rb2 Ra4 83. Kf2 Rc4 84. Ra2 Kf4 85. Rb2 g4 86. fxg4
fxg4 87. hxg4 Kxg4 88. Kg2 h3+ 1/2-1/2